Statistics for Forty Renowned Philosophers

Click here to take the quiz!

General Stats

  • This quiz has been taken 1,941 times
  • The average score is 18 of 40

Answer Stats

HintAnswer% Correct
Philosopher KingPlato
91%
NicomacheanAristotle
87%
Capitalism sucksKarl Marx
87%
I think, therefore I amDescartes
83%
GadflySocrates
82%
It's imperative that you get this oneKant
75%
UbermenschNietzsche
70%
Rhymes with bagelHegel
66%
TrianglePythagoras
64%
PropertyJohn Locke
59%
Is/oughtHume
55%
Authenticity, bad faithSartre
54%
UtilitarianismJohn Stuart Mill
53%
Before civilization, we were niceRousseau
49%
SisyphusCamus
48%
Sum of all theologyThomas Aquinas
48%
Christian ExistentialistKierkegaard
47%
Language is a game.Wittgenstein
45%
The ends justify the meansMachiavelli
44%
Confessions about pearsSaint Augustine
42%
PanopticonBentham
39%
Being unto deathHeidegger
38%
Will to LiveSchopenhauer
35%
Western Pan[en]theistSpinoza
35%
The BeaverBeauvoir
34%
Genealogy, archaeology, powerFoucault
34%
Don't worry; be happyEpicurus
33%
Logical languageBertrand Russell
32%
DeconstructionDerrida
31%
Filial pietyConfucius
29%
Not just a prestigious collegeBerkeley
27%
Windowless monadLeibniz
26%
Veil of ignoranceJohn Rawls
23%
PhenomenologyHusserl
21%
Father of American PsychologyWilliam James
21%
The Human ConditionArendt
17%
Education as growthJohn Dewey
15%
Public sphereHabermas
11%
Three Dogmas of EmpiricismQuine
9%
Final Vocabulary... ironyRichard Rorty
7%

Score Distribution

Percentile by Number Answered

Percent of People with Each Score

Your Score History

You have not taken this quiz